I am my beloved's / (Record no. 3605)

MARC details
000 -LEADER
fixed length control field 00468nam a22001817a 4500
003 - CONTROL NUMBER IDENTIFIER
control field GBCCL
005 - DATE AND TIME OF LATEST TRANSACTION
control field 20241126110458.0
008 - FIXED-LENGTH DATA ELEMENTS--GENERAL INFORMATION
fixed length control field 171130b xxu||||| |||| 00| 0 eng d
020 ## - INTERNATIONAL STANDARD BOOK NUMBER
International Standard Book Number 1-882701-10-0
040 ## - CATALOGING SOURCE
Transcribing agency gbc
082 ## - DEWEY DECIMAL CLASSIFICATION NUMBER
Classification number 248.4
Item number BRA
100 ## - MAIN ENTRY--PERSONAL NAME
Personal name Bramhall, John W.
9 (RLIN) 7178
245 ## - TITLE STATEMENT
Title I am my beloved's /
Statement of responsibility, etc. John W. Bramhall
260 ## - PUBLICATION, DISTRIBUTION, ETC.
Place of publication, distribution, etc. Scotland:
Name of publisher, distributor, etc. Gospel Folio Press,
Date of publication, distribution, etc. 1994
300 ## - PHYSICAL DESCRIPTION
Extent 123p.;
Dimensions 20 cm.
650 ## - SUBJECT ADDED ENTRY--TOPICAL TERM
Topical term or geographic name entry element Christian life
9 (RLIN) 183
942 ## - ADDED ENTRY ELEMENTS (KOHA)
Source of classification or shelving scheme Dewey Decimal Classification
Koha item type Books
Holdings
Withdrawn status Lost status Source of classification or shelving scheme Damaged status Not for loan Home library Current Library Shelving location Date acquired Total checkouts Full call number Barcode Date last seen Copy number Price effective from Koha item type
    Dewey Decimal Classification     GRACE BIBLE COLLEGE GRACE BIBLE COLLEGE Ministry & Mission 2017-11-30   248.4 BRA 009538 2025-05-01 v.1 2017-11-30 Books
© Grace Bible College Library 2025